Куриный бульон для души (Запись № 13664403)

Подробности
000 -МАРКЕР
контрольное поле 02548nam0a2200469 4500
001 - ИДЕНТИФИКАТОР ЗАПИСИ
контрольное поле RU\NLR\BIBL_A\022313074
005 - ИДЕНТИФИКАТОР ВЕРСИИ
контрольное поле 20260420014133.0
010 ## - МЕЖДУНАРОДНЫЙ СТАНДАРТНЫЙ НОМЕР КНИГИ (ISBN)
Номер (ISBN) 978-5-04-187007-2
Тираж 3000
021 ## - НОМЕР ГОСУДАРСТВЕННОЙ РЕГИСТРАЦИИ
Код страны российская федерация
Номер КН-П-24-042804
Номер Листа государственной регистраци КН-П-24-4264
035 ## - ДРУГИЕ СИСТЕМНЫЕ НОМЕРА
Идентификатор записи (NLR Aleph) 022313074
100 ## - ДАННЫЕ ОБЩЕЙ ОБРАБОТКИ
Данные общей обработки 20240904d2024 u y0rusy50 ca
101 1# - ЯЗЫК РЕСУРСА
Язык текста, звукозаписи и т.д. русский
Язык оригинала английский
102 ## - СТРАНА ПУБЛИКАЦИИ ИЛИ ПРОИЗВОДСТВА
Страна публикации российская федерация
105 ## - ПОЛЕ КОДИРОВАННЫХ ДАННЫХ: ТЕКСТОВЫЕ МАТЕРИАЛЫ, МОНОГРАФИЧЕСКИЕ
Кодированные данные о монографическом текстовом документе y z 000zy
181 #0 - ПОЛЕ КОДИРОВАННЫХ ДАННЫХ: ВИД СОДЕРЖАНИЯ
Код вида содержания (ISBD) i4
Код характеристики содержания (ISBD) axxe
182 #0 - ПОЛЕ КОДИРОВАННЫХ ДАННЫХ: ТИП СРЕДСТВА
Код типа средства (ISBD) n - непосредственное
200 1# - ЗАГЛАВИЕ И СВЕДЕНИЯ ОБ ОТВЕТСТВЕННОСТИ
Основное заглавие Куриный бульон для души
Наименование части Создай себя заново
Сведения, относящиеся к заглавию 101 вдохновляющая история о фитнесе, правильном питании и работе над собой
Первые сведения об ответственности Джек Кэнфилд, Марк Виктор Хансен, Эми Ньюмарк, Ричард Симмонс
Последующие сведения об ответственности [перевод с английского И. А. Крейниной]
203 ## - ВИД СОДЕРЖАНИЯ И ТИП СРЕДСТВА
Вид содержания Текст
Дополнительные сведения об издании визуальный
Тип средства непосредственный
205 ## - СВЕДЕНИЯ ОБ ИЗДАНИИ
Сведения об издании 11-е изд.
210 ## - ПУБЛИКАЦИЯ, РАСПРОСТРАНЕНИЕ И ДР.
Место издания, распространения и т.д. Москва
Имя издателя, распространителя и т. д. Эксмо, Бомбора
Дата издания, распространения и т.д. 2024
215 ## - ФИЗИЧЕСКАЯ ХАРАКТЕРИСТИКА
Специфическое обозначение материала и объем 477, [1] с.
Размеры 22
225 1# - СЕРИЯ
Основное заглавие серии Куриный бульон для души
300 ## - ОБЩИЕ ПРИМЕЧАНИЯ
Текст примечания Загл. и авт. ориг.: Chicken Soup for the Soul. Shaping the new you / Jack Canfield, Mark Victor Hansen, Amy Newmark, Richard Simmons
333 ## - ПРИМЕЧАНИЯ ОБ ОСОБЕННОСТЯХ РАСПРОСТРАНЕНИЯ И ИСПОЛЬЗОВАНИЯ
Текст примечания 16+
454 #0 - ОРИГИНАЛ (ПЕРЕВОДА)
Встроенное поле 2001#$aChicken Soup for the Soul. Shaping the new you$fJack Canfield, Mark Victor Hansen, Amy Newmark, Richard Simmons
-- 701#1$aCanfield$bJ.$f1944-$gJack$3RU\NLR\AUTH\770246620
-- 701#1$aHansen$bM. V.$gMark Victor
-- 701#1$aNewmark$bA.$gAmy
-- 701#1$aSimmons$bR.$gRichard
Заглавие Chicken Soup for the Soul. Shaping the new you
606 1# - НАИМЕНОВАНИЕ ТЕМЫ КАК ПРЕДМЕТ
Наименование темы Психогигиена
Формальный подзаголовок Популярные издания
Системный номер авторитетной/нормативной записи 929392
Идентификатор авторитетной/нормативной записи RU\NLR\AUTH\6623393
606 1# - НАИМЕНОВАНИЕ ТЕМЫ КАК ПРЕДМЕТ
Наименование темы Фитнес
Формальный подзаголовок Популярные издания
Системный номер авторитетной/нормативной записи 2130208
Идентификатор авторитетной/нормативной записи RU\NLR\AUTH\661285231
606 1# - НАИМЕНОВАНИЕ ТЕМЫ КАК ПРЕДМЕТ
Наименование темы Вес тела
Формальный подзаголовок Популярные издания
Тематический подзаголовок Регулирование
Системный номер авторитетной/нормативной записи 2345830
Идентификатор авторитетной/нормативной записи RU\NLR\AUTH\661401856
686 1# - ИНДЕКСЫ ДРУГИХ КЛАССИФИКАЦИЙ
Индекс Ю948.1-8я9
686 1# - ИНДЕКСЫ ДРУГИХ КЛАССИФИКАЦИЙ
Индекс Ю949.2я9
686 1# - ИНДЕКСЫ ДРУГИХ КЛАССИФИКАЦИЙ
Индекс Ч511.49я9
686 1# - ИНДЕКСЫ ДРУГИХ КЛАССИФИКАЦИЙ
Индекс Ш6(7США)67-440.5я43{Лх1979-80сб}
686 1# - ИНДЕКСЫ ДРУГИХ КЛАССИФИКАЦИЙ
Индекс Р120.4я9
701 #1 - ИМЯ ЛИЦА - АЛЬТЕРНАТИВНАЯ ОТВЕТСТВЕННОСТЬ
Графика поля Кириллица
Материалы, к которым относится поле rus
Начальный элемент ввода Кэнфилд
Часть имени, кроме начального элемента ввода Д.
Даты 1944-
Расширение инициалов личного имени Джек
Системный номер авторитетной/нормативной записи 169390
Идентификатор авторитетной/нормативной записи RU\NLR\AUTH\770169440
701 #1 - ИМЯ ЛИЦА - АЛЬТЕРНАТИВНАЯ ОТВЕТСТВЕННОСТЬ
Начальный элемент ввода Хансен
Часть имени, кроме начального элемента ввода М. В.
Даты 1948-
Расширение инициалов личного имени Марк Виктор
701 #1 - ИМЯ ЛИЦА - АЛЬТЕРНАТИВНАЯ ОТВЕТСТВЕННОСТЬ
Начальный элемент ввода Ньюмарк
Часть имени, кроме начального элемента ввода Э.
Расширение инициалов личного имени Эми
701 #1 - ИМЯ ЛИЦА - АЛЬТЕРНАТИВНАЯ ОТВЕТСТВЕННОСТЬ
Начальный элемент ввода Симмонс
Часть имени, кроме начального элемента ввода Р.
Расширение инициалов личного имени Ричард
942 ## - ДОПОЛНИТЕЛЬНЫЕ ЭЛЕМЕНТЫ ЗАПИСИ (АБИС)
Тип экземпляра АБИС Книга
980 ## - КОЛЛЕКЦИЯ
Название коллекции Национальная библиография

Нет доступных экземпляров.